00213nam a22000857a 4500082001600000100001900016245004100035260004200076300000900118 a005.3 GRO'N aGROSS, MICHAEL aNORTON UTILITIES 5 INSTANT REFERENCE aNEW DELHIbISLAMIC PUBLICATIONSc1991 a162P